Statistiken für Disney+ STAR Original Serien nach Bildern

Klicken Sie hier um das Quiz zu spielen!

Allgemein

  • Dieses Quiz wurde 27 mal gespielt
  • Das Durchschnittsergebnis liegt bei 4 aus 16

Antwortstatistiken

Antwort% Korrekt
The Kardashians
75%
Futurama
67%
Only Murders in the Building
50%
How I Met Your Father
42%
The Bear: King of the Kitchen
38%
American Horror Stories
29%
Marvel's M.O.D.O.K
25%
Sam - Ein Sachse
21%
Koala Man
13%
Noch nicht ganz tot
13%
Drag Me to Dinner
8%
Extraordinary
8%
Keeper of the Ashes: The Oklahoma Girl Scout Murders
8%
Saint X
8%
The Old Man
8%
The Patient
4%

Verteilung der Resultate

Perzentil nach korrekt beantworteten Fragen

Anzahl Personen mit jedem Resultat

Ihre Resultats-Entwicklung

Sie haben dieses Quiz noch nicht gespielt